Представление документа в формате RUSMARC

ПолеНазваниеЗначение
  Тип записи a
  Библиографический уровень a
001 Контрольный номер RU/УОНБ/EK_KRAY/320869400
005 Дата корректировки 20250324122526.8
100 Данные общей обработки __
a Данные общей обработки 20001029d2000 u u0rusy0103 ba
101 Язык документа 0_
a Язык текста rus
200 Заглавие и сведения об ответственности 1_
a Заглавие Сказочный мир Вячеслава Антонова
210 Выходные данные 1_
d Дата издания 2000
330 Аннотация __
a Аннотация В.М. Антонов - мастер резьбы по дереву.
461 Уровень набора _0
1 2001
a Ленинец
463 Уровень физической единицы _0
1 2000
a 3 окт.
1 210
d 2000
1 215
c ил., фото
607 Географические рубрики 0_
a Географическое наименование Майнский район (Ульяновская область)
610 Ключевые слова 0_
a Ключевые слова мастер
610 Ключевые слова 0_
a Ключевые слова резьба по дереву
686 Индексы других классификаций __
a Классификационный индекс 85
2 Код системы rubbk
700 Автор _1
a Фамилия Школьный
b Имя (инициалы) А.
801 Источник записи _0
a Страна RU
b Организация Ульяновская ОНБ
c Дата составления 20001029
g Правила каталогизации PSBO
801 Источник записи _1
a Страна RU
b Организация Ульяновская ОНБ
c Дата составления 20001029
901 Тип документа __
t Тип документа b
938 Служебная информация __
a Имя БД kraeved_work
b Имя библиотеки УОНБ
c Имя АИБС МАРК-SQL
d Номер DOC_ID в БД 13403